| 000 -LEADER |
| fixed length control field |
00545 a2200181 4500 |
| 003 - CONTROL NUMBER IDENTIFIER |
| control field |
OSt |
| 005 - DATE AND TIME OF LATEST TRANSACTION |
| control field |
20260220154140.0 |
| 008 - FIXED-LENGTH DATA ELEMENTS--GENERAL INFORMATION |
| fixed length control field |
260220b ||||| |||| 00| 0 eng d |
| 020 ## - INTERNATIONAL STANDARD BOOK NUMBER |
| International Standard Book Number |
9798317093372 |
| 040 ## - CATALOGING SOURCE |
| Transcribing agency |
. |
| 082 ## - DEWEY DECIMAL CLASSIFICATION NUMBER |
| Classification number |
658.404 |
| Item number |
K9261 |
| 100 ## - MAIN ENTRY--PERSONAL NAME |
| 9 (RLIN) |
6673 |
| Personal name |
Krieger, Brandt Douglas von |
| 245 ## - TITLE STATEMENT |
| Title |
Navigating Complexity: Maritime Lessons for Project Management Across Industries / |
| Statement of responsibility, etc. |
Brandt Douglas von Krieger |
| 260 ## - PUBLICATION, DISTRIBUTION, ETC. |
| Name of publisher, distributor, etc. |
Independently Published |
| Date of publication, distribution, etc. |
2025. |
| 300 ## - PHYSICAL DESCRIPTION |
| Extent |
279 p. |
| 650 #0 - SUBJECT ADDED ENTRY--TOPICAL TERM |
| 9 (RLIN) |
2103 |
| Topical term or geographic name entry element |
Project management |
| 942 ## - ADDED ENTRY ELEMENTS (KOHA) |
| Source of classification or shelving scheme |
|
| Koha item type |
Books |